Ako sporia v Merine Trenčín

Bibliographic Details
Main Author: Štróblová, Elena (Author)
Format: Article
Language:Slovak
Subjects:

MARC

LEADER 00000nab a2200000 a 4500
001 vtls000073626
003 SK-MaSNL
005 20260303204607.0
008 111103c1980 xo 0 slo
015 |a SNBRB19rr/mm-uuuuu 
035 |a CL0083727 
040 |a SNKBUCL  |b slo  |c SNKBUCL  |e AACR2 
041 0 |a slo 
044 |a xo  |c SK 
080 |a 331.88(437)  |2 1981 
080 |a 677  |2 1981 
100 1 |a Štróblová, Elena  |4 aut  |9 924370 
245 1 0 |a Ako sporia v Merine Trenčín  |c Elena Štróblová 
650 0 7 |a textilný priemysel  |2 snkbucl  |9 51332 
650 0 7 |a Merina, n.p., Trenčín  |2 snkbucl  |9 936854 
650 0 7 |a ROH ZV  |2 snkbucl  |9 1008231 
651 7 |a 5210  |2 snkbucl  |9 276500 
655 7 |a články z novín a časopisov  |2 snkbucl  |9 267496 
773 0 |t Odborár  |g Roč. 34, č. 19 (1980), s. 25 
850 |a Slovenská národná knižnica v Martine  |a MTA001 
852 |a SNK  |b KIS3GCP 
958 |a RK 
992 |a RBX 
999 |c 2190720  |d 2192650